000 01655cam a22004454a 4500
001 muse85028
003 MdBmJHUP
005 20210127151635.0
006 m o d
007 cr||||||||nn|n
008 991026s2000 mx o 00 0 spa d
010 _z 00436385
020 _a9786076288160
020 _z9681209729
020 _z9789681209728
035 _a(OCoLC)1151428456
040 _aMdBmJHUP
_cMdBmJHUP
050 0 4 _aPQ7297.Y3
_bA6737 2000
082 0 _a863/.62
_221
245 0 0 _aMemoria e interpretación de Al filo del agua
_cYvette Jimenez de Báez y Rafael Olea Franco, editores ; con la colaboración de Ana Laura Zavala Díaz.
250 _a1. ed.
264 1 _bColegio de Mexico, Centro de Estudios Linguísticos y Literarios,
264 3 _bProject MUSE,
300 _a1 online resource (504 p., 16 p. of plates) :
_bcol. ill. ;
504 _aIncludes bibliographical references (p. 389-474).
506 0 _aOpen Access
_fUnrestricted online access
_2star
588 _aDescription based on print version record.
600 1 1 _aYáñez, Agustín,
_d1904-1980
_tAl filo del agua
_vCongresses.
655 7 _aElectronic books.
_2local
700 1 _aZavala Díaz, Ana Laura.
700 1 _aOlea-Franco, Rafael.
700 1 _aJimenez de Báez, Yvette.
710 2 _aProject Muse.
_edistributor
830 0 _aBook collections on Project MUSE.
856 4 0 _zFull text available:
_uhttps://muse.jhu.edu/book/74707/
999 _c26512
_d26512